En marcha /

En 1750 el transporte seguía siendo igual de rudimentario que en la época de los romanos. Pero, en menos de 100 años, Gran Bretaña se convertiría en el eje mundial de la locomoción. En este programa descubriremos los motivos de esta transformación y conoceremos a sus protagonistas. John Loudon MacAd...

Descripción completa

Guardado en:
Autor Principal: Pink, Billie
Autor Corporativo: History Channel.
Formato: Deslizar
Publicado: Reino Unido, 2003.
Series:¿Que hizo la Revolucion Industrial por nosotros? - Capítulo 3
Materias:
Etiquetas: Agregar Etiqueta
Sin Etiquetas, Sea el primero en etiquetar este registro!
LEADER 01946ngm a22003375g 4500
001 CEM.cems023592
008 130507s2003##################0###0#####d
005 20250610154104.0
245 1 0 |a En marcha /  |c Billie Pink. 
260 |a Reino Unido,  |c 2003. 
300 |a 29'. 
490 0 |a ¿Que hizo la Revolucion Industrial por nosotros? - Capítulo 3 
500 |a Consultar en ventanilla. 
538 |a Soporte: DVD - Color: Si - Grabación DRD 
520 |a En 1750 el transporte seguía siendo igual de rudimentario que en la época de los romanos. Pero, en menos de 100 años, Gran Bretaña se convertiría en el eje mundial de la locomoción. En este programa descubriremos los motivos de esta transformación y conoceremos a sus protagonistas. John Loudon MacAdam fue el primero en hacer calles aceptablemente buenas en Gran Bretaña. James Brindley se murió de cansancio mientras construía su legado, una red de canales gracias a la cual se podrían transportar millones de toneladas de mercancías a un precio asequible. Los ingenieros mecánicos intentaron utilizar la potencia del vapor para sustituir al caballo. El desconocido genio Richard Trevithick inventó el primer automóvil y la primera locomotora. George Stephenson, supo vender la energía del vapor al mundo e inauguró la edad del ferrocarril con su locomotora Rocket, asegurando así el papel fundamental que juega Gran Bretaña en el mundo industrial moderno. 
100 1 |a Pink, Billie 
710 2 |a History Channel. 
082 6 0 |/ PIN 
653 |a HISTORIA 
653 |a HISTORIA MODERNA 
653 |a HISTORIA UNIVERSAL 
653 |a REVOLUCION INDUSTRIAL 
653 |a TRANSPORTE 
653 |a MAQUINA A VAPOR 
653 |a LOCOMOTORA 
653 |a AUTOMOVIL 
653 |a FERROCARRIL 
653 |a INFRAESTRUCTURA 
653 |a INDUSTRIA 
653 |a SERIE DE TELEVISIÓN 
859 |a CEMS  |b BIB. CEMS - Depto. Recursos Didacticos  |h 609  |i PIN  |k DRD  |p 2235.15  |t Ej.1